Codex Theodosianus / (Record no. 153152)
[ view plain ]
| 000 -LEADER | |
|---|---|
| campo de control de longitud fija | 01318nam a2200277 i 4500 |
| 001 - NÚMERO DE CONTROL | |
| campo de control | 153152 |
| 003 - IDENTIFICADOR DE NÚMERO DE CONTROL | |
| campo de control | ES-MaACL |
| 005 - FECHA Y HORA DE LA ÚLTIMA TRANSACCIÓN | |
| campo de control | 20250723061842.0 |
| 008 - DATOS DE LONGITUD FIJA--INFORMACIÓN GENERAL | |
| campo de control de longitud fija | 931025s1665 fr a |||| | lat d |
| 130 0# - ENTRADA PRINCIPAL--TÍTULO UNIFORME | |
| Título uniforme | Codex Theodosianus. |
| 9 (RLIN) | 135263 |
| 245 10 - MENCIÓN DEL TÍTULO | |
| Título | Codex Theodosianus / |
| Mención de responsabilidad, etc. | cum perpetuis commentariis Iacobi Gothofredi ... ; praemittuntur chronologia accuratior cum chronico historico & prolegomena ... ; opus posthumun ... reconitum & ordinatum ad usum Codicis Iustinianei opera et studio Antonij Maruillij ... ; tomus quintus. |
| 260 ## - PUBLICACIÓN, DISTRIBUCIÓN, ETC. | |
| Lugar de publicación, distribución, etc. | Lugduni : |
| Nombre del editor, distribuidor, etc. | sumptibus Ioannis-Antonij Huguetan & Marci- Antonij Rauaud, |
| Fecha de publicación, distribución, etc. | 1665. |
| 300 ## - DESCRIPCIÓN FÍSICA | |
| Extensión | [4], 422, [2] en bl. : |
| Otras características físicas | il. ; |
| Dimensiones | Fol. |
| 530 ## - NOTA DISPONIBLE DE FORMULARIO FÍSICO ADICIONAL | |
| Nota de formato físico adicional disponible | Disponible en formato digital. |
| 597 ## - NOTA DE DESCRIPCIÓN FÍSICA | |
| NOTA DE DESCRIPCIÓN FÍSICA | Sign.: [ ]2, A-Z4, 2A-2Z4, 3A-3G4. |
| 597 ## - NOTA DE DESCRIPCIÓN FÍSICA | |
| NOTA DE DESCRIPCIÓN FÍSICA | Texto mayoritariamente a dos col. |
| 597 ## - NOTA DE DESCRIPCIÓN FÍSICA | |
| NOTA DE DESCRIPCIÓN FÍSICA | Port. a dos tintas con grab. calc. tip.: "Cars f." |
| 599 ## - NOTA A LAS ILUSTRACIONES | |
| NOTA A LAS ILUSTRACIONES | Ilustraciones xil. en letras capitales. |
| 650 #7 - PUNTO DE ACCESO ADICIONAL DE MATERIA--TÉRMINO DE MATERIA | |
| Término de materia o nombre geográfico como elemento de entrada | Derecho romano |
| Fuente del encabezamiento o término | embne |
| 9 (RLIN) | 11764 |
| 700 1# - ENTRADA AGREGADA--NOMBRE PERSONAL | |
| Nombre de persona | Godefroy, Jacques. |
| 9 (RLIN) | 57513 |
| 700 1# - ENTRADA AGREGADA--NOMBRE PERSONAL | |
| Nombre de persona | Marville, Antoine. |
| 9 (RLIN) | 129666 |
| 700 1# - ENTRADA AGREGADA--NOMBRE PERSONAL | |
| Nombre de persona | Ravaud, Marc Antoine. |
| 9 (RLIN) | 131625 |
| 852 4# - LOCALIZACIÓN | |
| Ubicación | ES-MaACL |
| Número de control de estantería | R-2045 |
| Nota libre | - Enc. pasta |
| 856 4# - LOCALIZACIÓN Y ACCESO ELECTRÓNICOS | |
| Identificador Uniforme de Recursos | <a href="http://hdl.handle.net/10481/12062 ">http://hdl.handle.net/10481/12062 </a> |
| Nota pública | Fondo bibliográfico histórico de la Universidad de Granada |
| Estatus retirado | Estado de pérdida | Estado de daño | No para préstamo | Colección | Biblioteca de origen | Biblioteca actual | Ubicación en estantería | Fecha de adquisición | Fuente de adquisición | Total de préstamos | Signatura topográfica completa | Código de barras | Visto por última vez | Precio de reemplazo | Tipo de ítem Koha |
|---|---|---|---|---|---|---|---|---|---|---|---|---|---|---|---|
| Colección digital | Biblioteca del Ateneo de Madrid | Biblioteca del Ateneo de Madrid | Depósito | 17/01/2008 | R-2045 | 1160023 | 23/02/2023 | 23/02/2023 | Libro impreso antiguo |
